000 00268nam a22001097a 4500
008 170112b xxu||||| |||| 00| 0 eng d
020 _a578010373
041 _aeng
080 _24TH
_a618.2
245 _aMAJOR ISSUES IN GERONTOLOGICAL NURSING
_cLANTZ, J
942 _2udc
_cBK
999 _c2763
_d2763